skbl

Dr Suryya Kumar Bhuyan Library Web-OPAC
ডঃ সূৰ্য্য
কুমাৰ ভূঞা পুথিভঁৰাল ৱেব-অ'পেক

All Research Scholars are advised to clear the annual library fees to continue using Library Resources, Remote Access, Plagiarism Test and Library Clearance.

Cotton University Book Fair 2026

Foreign Policy of India / (Record no. 7529)

MARC details
000 -LEADER
fixed length control field 00733nam a2200277Ia 4500
001 - CONTROL NUMBER
control field 7542
005 - DATE AND TIME OF LATEST TRANSACTION
control field 20240113234021.0
007 - PHYSICAL DESCRIPTION FIXED FIELD--GENERAL INFORMATION
fixed length control field ta
008 - FIXED-LENGTH DATA ELEMENTS--GENERAL INFORMATION
fixed length control field 050706s 198 a g b000 u eng u
040 ## - CATALOGING SOURCE
Original cataloging agency Cotton College,Assam
041 ## - LANGUAGE CODE
Language code of text/sound track or separate title eng
082 ## - DEWEY DECIMAL CLASSIFICATION NUMBER
Classification number 327.54
Item number Bh 469 Fo
100 ## - MAIN ENTRY--PERSONAL NAME
Personal name Bhambhri, C.P. .
245 #0 - TITLE STATEMENT
Title Foreign Policy of India /
Statement of responsibility, etc. C.P. Bhambhri.
Medium Textual Documents
250 ## - EDITION STATEMENT
Edition statement 1st ed. /
260 ## - PUBLICATION, DISTRIBUTION, ETC.
Place of publication, distribution, etc. New Delhi :
Name of publisher, distributor, etc. Sterling publishers ,
Date of publication, distribution, etc. C 1987.
300 ## - PHYSICAL DESCRIPTION
Extent vi, 166p. :
Other physical details ill. ;
Dimensions 22cm .
504 ## - BIBLIOGRAPHY, ETC. NOTE
Bibliography, etc. note Index
653 ## - INDEX TERM--UNCONTROLLED
Uncontrolled term Political Science
653 ## - INDEX TERM--UNCONTROLLED
Uncontrolled term Foreign Policy-India
653 ## - INDEX TERM--UNCONTROLLED
Uncontrolled term PG-Political Science
942 ## - ADDED ENTRY ELEMENTS (KOHA)
Source of classification or shelving scheme Dewey Decimal Classification
Koha item type Books
Holdings
Withdrawn status Lost status Damaged status Not for loan Collection Home library Current library Date acquired Coded location qualifier Total checkouts Full call number Barcode Date last seen Date last checked out Copy number Price effective from Koha item type
          Dr. Suryya Kumar Bhuyan Library Dr. Suryya Kumar Bhuyan Library 01/02/2012 00000 1 327.54 Bh 469 Fo 84784 11/11/2024 25/10/2024 2 01/02/2012 Books
          Dr. Suryya Kumar Bhuyan Library Dr. Suryya Kumar Bhuyan Library 01/02/2012 00000   327.54 Bh 469 Fo 84168 13/01/2024   1 01/02/2012 Books

Designed and Maintained by Team SKBL
©1901-2026

Powered by Koha